000 00481nam a22001817a 4500
003 MPLRDC
005 20220104123956.0
008 210129b ||||| |||| 00| 0 eng d
082 _a121.23 ZQY v.2
100 _a张其昀
245 _a孔子学说与现代文化. 二
_c
250 _a初版
260 _a
_b中华文化出版事业社
_c1959
300 _b
490 _a现代国民基本知识丛书. 6
650 _a先秦哲学--孔子
942 _cBK
_o121.23 ZQY v.2
999 _c15661
_d15651